Κατάλογος Βιβλιοθηκών Mediterranean College

Στοιχεία Εμπορικού Δικαίου (Ι) / Γενικό Μέρος - Εμπορικές Συμβάσεις (Record no. 4375)

MARC details
000 -LEADER
fixed length control field 01792cam a22002054a 4500
005 - ΗΜΕΡΟΜΗΝΙΑ ΚΑΙ ΩΡΑ ΤΕΛΕΥΤΑΙΑΣ ΕΝΗΜΕΡΩΣΗΣ
Πεδίο ελέγχου 20250605163430.0
008 - FIXED-LENGTH DATA ELEMENTS--GENERAL INFORMATION
Πεδίο ελέγχου σταθερού μήκους 250528s ||||||||||||||||||||||||d
035 ## - SYSTEM CONTROL NUMBER
System control number 19094
020 ## - ISBN
ISBN 9602328355
040 ## - ΠΗΓΗ ΚΑΤΑΛΟΓΟΓΡΑΦΗΣΗΣ
Φορέας πρωτότυπης καταλογογράφησης MC Athens Campus Library
Γλώσσα καταλογογράφησης Ελληνικά, Μοντέρνα (1453-)
Modifying agency MC Athens Campus Library
Κανόνες περιγραφικής καταλογογράφησης AACR2
245 1# - ΤΙΤΛΟΣ ΚΑΙ ΔΗΛΩΣΗ ΥΠΕΥΘΥΝΟΤΗΤΑΣ
Τίτλος Στοιχεία Εμπορικού Δικαίου (Ι) / Γενικό Μέρος - Εμπορικές Συμβάσεις
250 ## - EDITION STATEMENT
Edition statement
260 ## - PUBLICATION, DISTRIBUTION, ETC.
Name of publisher, distributor, etc. Αντ. Ν. Σάκκουλα,
Date of publication, distribution, etc. 1998
300 ## - PHYSICAL DESCRIPTION
Extent 112
520 ## - SUMMARY, ETC.
Summary, etc. Πρόλογος, Έννοια και Χαρακτηριστικά του Εμπορικού Δικαιου, Εμπορική Δημοσιότητα, Συστήματα Εμπορικότητας, Ιστορική Επισκόπηση και Πηγές και Διάρθρωση του Εμπορικού Δικαίου, Οι Εμπορικές Πράξεις, Οι Έμποροι, Εμπορική Επώνυμια και Διακριτικές Τίτλος, Εμπορικά Βιβλία, Η Εμπορική Επιχείρηση, Εμπορικές Συμβάσεις, Γενικοί Κανόνες, Αλληλόχρεος Λογαριασμός, Η Παραγγελία, Συμβάσεις Διανομής Εμπορευμάτων και Παροχής Υπηρεσιών, Η Εμπορική Πώληση, Η Σύμβαση Μεταφοράς, Σύμβαση Αποθήκευσης και Φύλαξης, Εξασφάλιση Απαιτήσεων με Τραπεζική Διαμεσολάβηση, Σύγχρονες Χρηματοδοτικές Συμβάσεις, Τραπεζικές Εργασίες, Χρηματιστιριακές Συνάλλαγες, Αλφαβητικό Ευρετήριο.
700 1# - ΠΡΟΣΘΕΤΗ ΑΝΑΓΡΑΦΗ--ΦΥΣΙΚΟ ΠΡΟΣΩΠΟ
Personal name Ρόκας Νικ. Κ
942 ## - ADDED ENTRY ELEMENTS (KOHA)
Koha item type Books
Holdings
Τύπος τεκμηρίου Βιβλιοθήκη Τρέχουσα τοποθεσία Barcode Αριθμός εισαγωγής Ημερομηνία απόκτησης Ταξιθετικό σύμβολο Αριθμός αντιτύπου Κατάσταση απόσυρσης Κατάσταση χαμένου Κατάσταση κατεστραμμένου Μη δανεισμός Σύνολο δανεισμών Ημερομηνία τελευταίας εμφάνισης Η τιμή ισχύει από
Books MC Athens Campus Library MC Athens Campus Library 9780000043740 4033 05/06/2025 346.49507 ROK 1           05/06/2025 05/06/2025

MC Athens Campus Library
Πατησίων 94 & Κοδριγκτώνος 13, 104 34
Πελλήνης 8 & Πατησίων 107, 112 51
Τ: +30 210 8899600

MC Thessaloniki Campus Library
Ίωνος Δραγούμη 21, 54625 | Ίωνος Δραγούμη 15, 54625
Τ: +30 2310 287779 – Τ: +30 2314 440300